[Event "ICS rated blitz match"]
[Site "204.178.125.65"]
[Date "2001.09.03"]
[Round "?"]
[White "KingKings"]
[Black "Hossa"]
[Result "1-0"]
[WhiteElo "2526"]
[BlackElo "2504"]
[PlyCount "107"]
[EventDate "2001.??.??"]

1. d4 Nf6 2. c4 e6 3. Nc3 Bb4 4. e3 c5 5. Nge2 cxd4 6. exd4 O-O 7. a3 Be7 8.
Nf4 d5 9. cxd5 Nxd5 10. Ncxd5 exd5 11. Bd3 Nc6 12. O-O Bf6 13. Be3 g6 14. Rb1
Bxd4 15. Bxd4 Nxd4 16. Bxg6 Ne2+ 17. Nxe2 fxg6 18. Nd4 Bf5 19. Rc1 Rf7 20. Qb3
Qf6 21. Rfd1 Re8 22. f3 Rd7 23. Rc3 a6 24. Rc5 Qd6 25. Qc3 Rf7 26. a4 Bd7 27.
a5 Rf4 28. b4 Ba4 29. Rd3 Rh4 30. g3 Rh5 31. f4 Bd7 32. Rc7 Re1+ 33. Qxe1 Qxc7
34. Rc3 Qd8 35. Re3 Kf7 36. Qc3 Bg4 37. Qc5 Qd7 38. b5 axb5 39. Nxb5 Kg8 40.
Nd6 Be6 41. Qb6 Bf7 42. Re5 Rh6 43. Nf5 gxf5 44. Qxh6 Bg6 45. h4 Qa4 46. Qg5
Qa1+ 47. Kg2 Qxa5 48. h5 Kf8 49. hxg6 Qa2+ 50. Kh3 Qg2+ 51. Kxg2 Kg8 52. gxh7+
Kxh7 53. Re7+ Kh8 54. Qg7# {Hossa checkmated} 1-0

[Event "ICS rated standard match"]
[Site "204.178.125.65"]
[Date "2001.09.03"]
[Round "?"]
[White "Tinker"]
[Black "Hossa"]
[Result "0-1"]
[WhiteElo "2257"]
[BlackElo "2249"]
[PlyCount "128"]
[EventDate "2001.??.??"]

1. d4 Nf6 2. c4 e6 3. Nf3 b6 4. g3 Ba6 5. Nbd2 Bb7 6. Bg2 c5 7. dxc5 bxc5 8.
O-O Be7 9. b3 O-O 10. Bb2 Nc6 11. e4 d6 12. Kh1 Qd7 13. Nh4 Ne8 14. Qh5 Bf6 15.
Rab1 Bxb2 16. Rxb2 Nd4 17. b4 Nf6 18. Qd1 cxb4 19. Rxb4 Rab8 20. Nhf3 Nxf3 21.
Qxf3 Bxe4 22. Nxe4 Rxb4 23. Qxf6 Rxc4 24. Qg5 f5 25. Nd2 Rc2 26. a3 Rb8 27. Qf4
e5 28. Qg5 h6 29. Bd5+ Kf8 30. Qe3 Rbb2 31. Rd1 Qb5 32. Nc4 Rb1 33. Qd3 Rxd1+
34. Qxd1 Rxc4 35. Bxc4 Qxc4 36. Qxd6+ Kf7 37. Kg1 Qe6 38. Qc5 Qe7 39. Qd5+ Kf6
40. Kg2 g6 41. Qc6+ Kg7 42. h4 Kh7 43. Qc4 e4 44. Kf1 h5 45. Qb3 Qc7 46. Ke2 a5
47. Qe3 a4 48. Kd2 Qd6+ 49. Ke1 Qe7 50. Ke2 Qd7 51. Qd2 Qxd2+ 52. Kxd2 Kg7 53.
Ke3 Kf7 54. f3 exf3 55. Kxf3 Kf6 56. Kf2 g5 57. hxg5+ Kxg5 58. Kf3 Kg6 59. Kf2
Kf6 60. Ke3 Ke5 61. Kf3 Kd4 62. Kg2 Ke4 63. Kf2 f4 64. gxf4 Kxf4 {
Tinker resigns} 0-1

[Event "ICS rated blitz match"]
[Site "204.178.125.65"]
[Date "2001.09.04"]
[Round "?"]
[White "Hossa"]
[Black "ChesterX"]
[Result "0-1"]
[WhiteElo "2489"]
[BlackElo "2764"]
[PlyCount "124"]
[EventDate "2001.??.??"]

1. e4 c5 2. Nf3 e6 3. d4 cxd4 4. Nxd4 Nc6 5. Be2 Nf6 6. Bf3 Be7 7. O-O O-O 8.
Nxc6 dxc6 9. Bf4 Qb6 10. Qc1 Rd8 11. Nd2 Nd7 12. Nc4 Qa6 13. b3 b5 14. Bd6 Bxd6
15. Nxd6 Ne5 16. Rd1 Nxf3+ 17. gxf3 f6 18. f4 c5 19. e5 Qc6 20. Qe3 Ba6 21. Qh3
f5 22. Qe3 Rd7 23. a3 Rad8 24. f3 Bb7 25. Kg2 a5 26. a4 b4 27. Rd2 Qb6 28. Rad1
Bd5 29. Rd3 Kh8 30. Qe1 Kg8 31. Qh4 Kh8 32. Kh1 Kg8 33. Qg5 Qc6 34. Kg2 Rf8 35.
Qh5 Rc7 36. Ra1 c4 37. bxc4 Bxc4 38. Rd2 Qb6 39. Re1 Bd5 40. Nb5 Rc4 41. Qh4
Qc6 42. Kg1 Rxc2 43. Nd4 Qc3 44. Rxc2 Qxd4+ 45. Rf2 b3 46. Rc1 Bxf3 47. Qe7 Bd5
48. Re1 b2 49. h4 Qc3 50. Rfe2 Qg3+ 51. Kf1 Qf3+ 52. Kg1 Qh1+ 53. Kf2 Qg2+ 54.
Ke3 Qg3+ 55. Kd2 Rc8 56. Re3 Qf2+ 57. R1e2 b1=N+ 58. Kd1 Qf1+ 59. Re1 Bf3+ 60.
Rxf3 Qxf3+ 61. Re2 Qf1+ 62. Re1 Qd3# {Hossa checkmated} 0-1

[Event "ICS rated blitz match"]
[Site "204.178.125.65"]
[Date "2001.09.04"]
[Round "?"]
[White "Hossa"]
[Black "celik"]
[Result "1-0"]
[WhiteElo "2489"]
[BlackElo "2118"]
[PlyCount "127"]
[EventDate "2001.??.??"]

1. d4 e6 2. c4 Nf6 3. Nf3 Bb4+ 4. Bd2 Qe7 5. e3 O-O 6. Bd3 Bxd2+ 7. Qxd2 Nc6 8.
O-O e5 9. Bc2 d6 10. Nc3 Bg4 11. Ng5 h6 12. Nge4 Nxe4 13. Bxe4 Rae8 14. f3 Bd7
15. Nb5 Qd8 16. d5 Ne7 17. Nxa7 f5 18. Bc2 f4 19. e4 g5 20. Qf2 g4 21. fxg4
Bxg4 22. Qh4 h5 23. h3 Be2 24. Rf2 Bxc4 25. Qg5+ Kf7 26. Ba4 Rh8 27. Bxe8+ Qxe8
28. Rc1 Qa4 29. b3 Qxa7 30. Rxc4 c5 31. Rcc2 b5 32. Kh2 b4 33. g3 Ng6 34. Qf5+
Kg7 35. gxf4 Rf8 36. Qxh5 exf4 37. Rg2 Rf6 38. e5 dxe5 39. Qxe5 Qf7 40. Rxc5 f3
41. Rc7 fxg2 42. Rxf7+ Kxf7 43. Qc7+ Kg8 44. d6 Ne5 45. Kxg2 Rg6+ 46. Kh1 Rg7
47. Qc8+ Kh7 48. Qf5+ Ng6 49. Qh5+ Kg8 50. Qd5+ Kh7 51. d7 Rxd7 52. Qxd7+ Kh6
53. Qd2+ Kh5 54. Qe3 Kh4 55. Qh6+ Kg3 56. Qxg6+ Kf3 57. Qe8 Kf4 58. Qe6 Kf3 59.
Qe5 Kf2 60. Qd4+ Kf3 61. Kg1 Ke2 62. Kg2 Ke1 63. Kf3 Kf1 64. Qf2# {
celik checkmated} 1-0

[Event "ICS Rated blitz match"]
[Site "204.178.125.65"]
[Date "2001.09.04"]
[Round "?"]
[White "celik"]
[Black "Hossa"]
[Result "0-1"]
[WhiteElo "2115"]
[BlackElo "2492"]
[PlyCount "82"]
[EventDate "2001.??.??"]

1. c4 e6 2. Nc3 d5 3. e3 Be7 4. Nf3 Nf6 5. Be2 O-O 6. O-O Nc6 7. b3 dxc4 8.
bxc4 e5 9. d3 Bf5 10. Rb1 Qc8 11. Nh4 Be6 12. Bb2 Rd8 13. Qc1 Nb4 14. Rd1 Ng4
15. Nf3 f6 16. d4 exd4 17. Nxd4 Bf5 18. e4 Bd7 19. a3 Na6 20. Nd5 Bd6 21. h3
Ne5 22. f4 Nf7 23. Bf3 c6 24. Ne3 Bxf4 25. Ne2 Be5 26. Ng4 Bd6 27. Bxf6 gxf6
28. Nxf6+ Kf8 29. Rxd6 Nxd6 30. Qh6+ Ke7 31. Qxh7+ Nf7 32. Bh5 Be6 33. Nf4 Kxf6
34. e5+ Nxe5 35. Rf1 Bf5 36. Qh6+ Ke7 37. Qg7+ Kd6 38. Rd1+ Kc5 39. Qxe5+ Kb6
40. Qe3+ Nc5 41. Rb1+ Bxb1 {celik resigns} 0-1

[Event "ICS rated blitz match"]
[Site "204.178.125.65"]
[Date "2001.09.05"]
[Round "?"]
[White "KarpovDigital"]
[Black "Hossa"]
[Result "0-1"]
[WhiteElo "2285"]
[BlackElo "2495"]
[PlyCount "74"]
[EventDate "2001.??.??"]

1. e4 e5 2. Nf3 Nc6 3. Bb5 a6 4. Bxc6 bxc6 5. d4 exd4 6. Nxd4 Bb7 7. f3 Qh4+ 8.
g3 Qh3 9. Qe2 O-O-O 10. Be3 c5 11. Nb3 c4 12. Nd4 c5 13. Nf5 d5 14. exd5 Qxf5
15. Nc3 Bxd5 16. O-O-O Qxf3 17. Qd2 Qxh1 18. Nxd5 Qxd5 19. Qxd5 Rxd5 20. Rxd5
Nf6 21. Rf5 Kd7 22. Bxc5 Ke6 23. Rg5 h6 24. Bxf8 hxg5 25. Bxg7 Rxh2 26. Bf8 Ne4
27. Kd1 Nxg3 28. Bg7 Nf5 29. Bc3 Ne3+ 30. Kc1 Rxc2+ 31. Kb1 Rxc3 32. bxc3 g4
33. Kc1 g3 34. Kd2 Ng4 35. Ke2 g2 36. Kf3 g1=Q 37. Ke4 Qe3# {
KarpovDigital checkmated} 0-1

[Event "ICS rated blitz match"]
[Site "204.178.125.65"]
[Date "2001.09.05"]
[Round "?"]
[White "Hossa"]
[Black "KarpovDigital"]
[Result "1-0"]
[WhiteElo "2502"]
[BlackElo "2278"]
[PlyCount "33"]
[EventDate "2001.??.??"]

1. e4 e5 2. Nf3 Nc6 3. Bb5 a6 4. Ba4 Nf6 5. O-O Nxe4 6. d4 b5 7. Bb3 exd4 8.
Nxd4 Ne7 9. Bxf7+ Kxf7 10. Qf3+ Ke8 11. Qxe4 d5 12. Qe5 c5 13. Nc6 Qd7 14. Nxe7
Bxe7 15. Qxg7 Rf8 16. Re1 Bb7 17. Bg5 {KarpovDigital resigns} 1-0

[Event "ICS rated blitz match"]
[Site "204.178.125.65"]
[Date "2001.09.05"]
[Round "?"]
[White "mate-in8"]
[Black "Hossa"]
[Result "0-1"]
[WhiteElo "2083"]
[BlackElo "2533"]
[PlyCount "112"]
[EventDate "2001.??.??"]

1. e4 e5 2. Bc4 Nc6 3. Nc3 Nf6 4. d3 Na5 5. Bb3 Nxb3 6. axb3 d5 7. exd5 Bb4 8.
Nf3 Nxd5 9. O-O Nxc3 10. bxc3 Bxc3 11. Ba3 Bxa1 12. Qxa1 f6 13. Re1 Kf7 14. d4
exd4 15. Re7+ Qxe7 16. Bxe7 Kxe7 17. Qa3+ Kf7 18. Qc5 c6 19. Nxd4 Rd8 20. Qc4+
Rd5 21. h3 Bd7 22. Kh2 Re8 23. Nb5 Be6 24. Nc7 Rd7 25. Nxe6 Rxe6 26. b4 g6 27.
f4 Rd5 28. Qa2 a6 29. c4 Rd4 30. b5 cxb5 31. cxb5 axb5 32. f5 gxf5 33. Qf2 Rd5
34. Qf3 Re4 35. Qh5+ Kg7 36. Qf3 Kg6 37. Qb3 Red4 38. Qg3+ Kf7 39. Qc7+ Rd7 40.
Qb8 b4 41. Qh8 Ke6 42. Qg8+ Ke5 43. Qg3+ f4 44. Qe1+ Kd5 45. Qb1 Kc4 46. Qc2+
Kb5 47. Qe2+ Rd3 48. Qe6 b3 49. Qxf6 R3d4 50. Qe5+ Ka4 51. Qc5 b2 52. Qc2+ Ka3
53. Qc3+ Ka2 54. Qc2 b5 55. Qe2 R7d5 56. Qc2 f3 {mate-in8 resigns} 0-1

[Event "ICS rated blitz match"]
[Site "204.178.125.65"]
[Date "2001.09.05"]
[Round "?"]
[White "Hossa"]
[Black "monsoon"]
[Result "1/2-1/2"]
[WhiteElo "2535"]
[BlackElo "2644"]
[PlyCount "90"]
[EventDate "2001.??.??"]

1. e4 c5 2. Nf3 d6 3. d4 cxd4 4. Qxd4 Nc6 5. Qd3 Bd7 6. Be2 e6 7. O-O Be7 8.
Rd1 Nf6 9. Bf4 d5 10. exd5 Nxd5 11. Bg3 O-O 12. c4 Nf6 13. Nc3 Qb6 14. a3 a5
15. Ng5 h6 16. Nge4 Nxe4 17. Qxe4 Rad8 18. Nb5 e5 19. Ra2 Bc5 20. Bh4 g5 21.
Bg3 f5 22. Qc2 Be8 23. Rxd8 Qxd8 24. h3 f4 25. Bh2 Nd4 26. Nxd4 Qxd4 27. Bf3
Bf7 28. b4 e4 29. Bxe4 Re8 30. bxc5 Rxe4 31. Kh1 Re1+ 32. Bg1 f3 33. Qd2 fxg2+
34. Kh2 Qxd2 35. Rxd2 Bxc4 36. Rd8+ Kf7 37. Rd7+ Kg6 38. Rxb7 Bd5 39. Rd7 Be4
40. Re7 Kf6 41. Re8 Kf7 42. Re5 Kf6 43. Re8 Kf7 44. Re5 Kf6 45. Re8 Kf7 {
Game drawn by repetition} 1/2-1/2

[Event "ICS rated blitz match"]
[Site "204.178.125.65"]
[Date "2001.09.05"]
[Round "?"]
[White "monsoon"]
[Black "Hossa"]
[Result "1-0"]
[WhiteElo "2639"]
[BlackElo "2540"]
[PlyCount "141"]
[EventDate "2001.??.??"]

1. e4 c5 2. Nf3 e6 3. d4 cxd4 4. Nxd4 Nc6 5. Nc3 a6 6. Be2 Bb4 7. Nxc6 Bxc3+ 8.
bxc3 dxc6 9. Qxd8+ Kxd8 10. Ba3 Nf6 11. O-O-O+ Bd7 12. f3 b6 13. Bd6 Ne8 14.
Bf4 Ke7 15. Rd3 h6 16. Rhd1 Ra7 17. R3d2 a5 18. Bb8 Rb7 19. Be5 f5 20. Ba6 Ra7
21. exf5 exf5 22. Bc4 Rf8 23. h3 g5 24. a4 Rb7 25. Re1 Kd8 26. Be6 Nf6 27. Rd6
Ke7 28. Bc4 Ne8 29. Rxh6 Kd8 30. Rd1 Nc7 31. Bg7 Re8 32. Bf7 Ke7 33. Bh5 Kd8
34. Bf6+ Kc8 35. Bxe8 Nxe8 36. Bxg5 b5 37. Rh8 bxa4 38. Rxe8+ Bxe8 39. Rd8+ Kc7
40. Rxe8 Rb5 41. c4 Rc5 42. Rf8 a3 43. Rf7+ Kc8 44. Bf6 Rxc4 45. Be5 a2 46.
Rc7+ Kd8 47. Rb7 Ra4 48. Ba1 Kc8 49. Rb3 Kd7 50. Kb2 Rc4 51. g3 a4 52. Rd3+ Ke6
53. Rd2 Rc5 54. Kxa2 Rc4 55. Re2+ Kd7 56. h4 Rb4 57. h5 Kd6 58. Be5+ Kd5 59.
Bg7 f4 60. g4 Rb8 61. h6 Rb7 62. g5 c5 63. g6 a3 64. Re4 Rb6 65. c4+ Kd6 66. h7
Kd7 67. h8=Q Rc6 68. Qe8+ Kc7 69. Re7+ Kb6 70. Qb8+ Ka6 71. Ra7# {
Hossa checkmated} 1-0

[Event "ICS rated blitz match"]
[Site "204.178.125.65"]
[Date "2001.09.05"]
[Round "?"]
[White "Hossa"]
[Black "Bernardov"]
[Result "1-0"]
[WhiteElo "2528"]
[BlackElo "2172"]
[PlyCount "49"]
[EventDate "2001.??.??"]

1. d4 Nf6 2. Nf3 g6 3. Nc3 Bg7 4. e4 d6 5. Bd3 O-O 6. O-O Bg4 7. Be2 Nc6 8. d5
Bxf3 9. Bxf3 Ne5 10. Be2 c6 11. Kh1 Qa5 12. f4 Ned7 13. Be3 Rfc8 14. f5 cxd5
15. fxg6 hxg6 16. exd5 Ne5 17. Bf3 Rc7 18. Bd4 Rac8 19. a3 b5 20. Be2 b4 21.
Nb5 Rxc2 22. Nxa7 R8c7 23. Bxe5 dxe5 24. Nc6 b3 25. Nxa5 {Bernardov resigns}
1-0

[Event "ICS rated blitz match"]
[Site "204.178.125.65"]
[Date "2001.09.05"]
[Round "?"]
[White "Hossa"]
[Black "Earth"]
[Result "1-0"]
[WhiteElo "2532"]
[BlackElo "2151"]
[PlyCount "45"]
[EventDate "2001.??.??"]

1. e4 c5 2. Nf3 Nc6 3. Bb5 g6 4. Bxc6 dxc6 5. d3 Bg7 6. h3 Nf6 7. Nc3 O-O 8.
Be3 b6 9. O-O Ne8 10. Qd2 Nc7 11. Bh6 Ne6 12. Bxg7 Kxg7 13. Ne2 f6 14. c3 Ba6
15. Rfd1 Qc7 16. Qe3 Rad8 17. a4 Rd7 18. a5 b5 19. h4 Rfd8 20. e5 f5 21. Ng5
Nxg5 22. hxg5 c4 23. Nf4 {Earth resigns} 1-0

[Event "ICS rated blitz match"]
[Site "204.178.125.65"]
[Date "2001.09.05"]
[Round "?"]
[White "Earth"]
[Black "Hossa"]
[Result "0-1"]
[WhiteElo "2148"]
[BlackElo "2535"]
[PlyCount "28"]
[EventDate "2001.??.??"]

1. d4 Nf6 2. Nf3 g6 3. g3 d5 4. Bg2 c6 5. O-O Bg7 6. Nc3 O-O 7. Re1 Na6 8. Ne5
Nc7 9. e4 dxe4 10. Nxe4 Nxe4 11. Rxe4 c5 12. c3 f6 13. Nf3 e5 14. Qb3+ Be6 {
Earth resigns} 0-1

[Event "ICS rated blitz match"]
[Site "204.178.125.65"]
[Date "2001.09.05"]
[Round "?"]
[White "Hossa"]
[Black "ChesterX"]
[Result "0-1"]
[WhiteElo "2538"]
[BlackElo "2693"]
[PlyCount "92"]
[EventDate "2001.??.??"]

1. d4 d5 2. c4 e6 3. Nc3 c6 4. e3 Nf6 5. Nf3 Nbd7 6. Qc2 Bd6 7. Be2 O-O 8. c5
Bc7 9. b4 e5 10. Bb2 e4 11. Nd2 Ne8 12. b5 Qg5 13. g4 Qh4 14. Qa4 cxb5 15. Bxb5
Nef6 16. O-O-O Qxg4 17. Rdg1 Qh3 18. Qc2 a6 19. Be2 Qe6 20. Ba3 Re8 21. Na4 b6
22. cxb6 Bxb6 23. Rg3 Qf5 24. Rf3 Qg5 25. Rg3 Qh4 26. Nxb6 Nxb6 27. Qc7 Na4 28.
Rhg1 g6 29. Qc2 Bd7 30. Rh1 Rec8 31. Bc5 Rab8 32. Nb3 Ng4 33. Bxa6 Rc6 34. Bf1
Nxc5 35. Nxc5 Qf6 36. Bh3 Rxc5 37. Qxc5 Nxf2 38. Rf1 Bxh3 39. Rd1 Nd3+ 40. Rxd3
exd3 41. Qc3 Qf1+ 42. Kd2 Rb1 43. Rxg6+ fxg6 44. Qb2 Rxb2+ 45. Kc3 Qc1+ 46.
Kxd3 Rd2# {Hossa checkmated} 0-1

[Event "ICS rated blitz match"]
[Site "204.178.125.65"]
[Date "2001.09.06"]
[Round "?"]
[White "tincho"]
[Black "Hossa"]
[Result "0-1"]
[WhiteElo "2103"]
[BlackElo "2529"]
[PlyCount "28"]
[EventDate "2001.??.??"]

1. e4 e5 2. Nf3 Nc6 3. Bc4 Nf6 4. d3 Be7 5. O-O O-O 6. c3 d6 7. Bb3 d5 8. exd5
Nxd5 9. Re1 Qd6 10. Nbd2 Nf4 11. Bc2 Qg6 12. g3 Nh3+ 13. Kg2 f6 14. d4 Qh5 {
tincho resigns} 0-1

[Event "ICS Rated blitz match"]
[Site "204.178.125.65"]
[Date "2001.09.06"]
[Round "?"]
[White "Hossa"]
[Black "gambitmaster"]
[Result "0-1"]
[WhiteElo "2532"]
[BlackElo "2865"]
[PlyCount "92"]
[EventDate "2001.??.??"]

1. e4 c5 2. Nf3 d6 3. Bb5+ Bd7 4. c4 e6 5. Nc3 Nf6 6. d3 Be7 7. O-O Nc6 8. Ba4
O-O 9. Kh1 Qb6 10. Bd2 Ng4 11. Qe2 Bf6 12. Ng1 Nge5 13. f4 Nd4 14. Qh5 Nec6 15.
Rab1 Be8 16. Nf3 Rd8 17. Nb5 Qa6 18. b3 Nxf3 19. Rxf3 g6 20. Qh6 Bg7 21. Qh4 h6
22. Rff1 Qb6 23. f5 g5 24. Qh3 exf5 25. Qxf5 Bd7 26. Qf3 Ne5 27. Qe2 Bg4 28.
Qe3 f5 29. Bc3 a6 30. Na3 f4 31. Qd2 f3 32. Kg1 fxg2 33. Qxg2 Bf3 34. Qc2 Rf4
35. h3 g4 36. Qd2 Rdf8 37. Ba5 Qa7 38. Kh2 b6 39. Bc3 Qe7 40. Bxe5 Qh4 41. Rxf3
Rxf3 42. Kg1 Bxe5 43. Nc2 Rg3+ 44. Kh1 Rxh3+ 45. Kg1 Rh1+ 46. Kg2 Qh3# {
Hossa checkmated} 0-1

[Event "ICS Rated blitz match"]
[Site "204.178.125.65"]
[Date "2001.09.06"]
[Round "?"]
[White "gambitmaster"]
[Black "Hossa"]
[Result "1-0"]
[WhiteElo "2869"]
[BlackElo "2528"]
[PlyCount "67"]
[EventDate "2001.??.??"]

1. e4 e5 2. Nf3 Nc6 3. Bb5 a6 4. Bxc6 bxc6 5. Nxe5 Qg5 6. Ng4 d5 7. h3 h5 8. d4
Qg6 9. Ne3 Qxe4 10. O-O Bb7 11. Re1 O-O-O 12. Nc4 Qh7 13. Na5 c5 14. Nxb7 Kxb7
15. c4 cxd4 16. Qxd4 Nf6 17. Nc3 c5 18. Qf4 dxc4 19. Qf3+ Kc7 20. Bf4+ Kb6 21.
Na4+ Ka7 22. Qc6 Nd5 23. Nxc5 Bxc5 24. Qxc5+ Ka8 25. Qc6+ Ka7 26. Rad1 Qf5 27.
Rxd5 Rxd5 28. Re7+ Rd7 29. Rxd7+ Qxd7 30. Qxd7+ Ka8 31. Qc6+ Ka7 32. Qc7+ Ka8
33. Be3 Re8 34. Qa7# {Hossa checkmated} 1-0

[Event "ICS rated blitz match"]
[Site "204.178.125.65"]
[Date "2001.09.06"]
[Round "?"]
[White "Hossa"]
[Black "steva24"]
[Result "1-0"]
[WhiteElo "2524"]
[BlackElo "2090"]
[PlyCount "85"]
[EventDate "2001.??.??"]

1. d4 d5 2. Nf3 c6 3. Bg5 Bf5 4. e3 Nd7 5. Be2 Ngf6 6. Nc3 e6 7. Nh4 Bg6 8.
Nxg6 hxg6 9. a4 Bd6 10. Qd2 Qc7 11. Bd3 O-O-O 12. O-O-O Rh5 13. h4 e5 14. Be2
Rhh8 15. Kb1 Rde8 16. Bxf6 gxf6 17. h5 g5 18. h6 e4 19. Bg4 Bb4 20. Nxd5 Bxd2
21. Nxc7 Kxc7 22. Rxd2 Nf8 23. c4 Rh7 24. d5 cxd5 25. Rxd5 Rd8 26. Rxd8 Kxd8
27. Bf5 Rh8 28. Bxe4 Ke7 29. Bxb7 f5 30. b4 Ne6 31. Kb2 f4 32. exf4 Nxf4 33.
Kc3 Nxg2 34. Bxg2 f5 35. h7 Kf7 36. Rh6 Kg7 37. Ra6 g4 38. Rxa7+ Kf6 39. Bd5 f4
40. Ra6+ Kg5 41. Be4 Re8 42. Rg6+ Kh4 43. Rg8 {steva24 resigns} 1-0

[Event "ICS rated blitz match"]
[Site "204.178.125.65"]
[Date "2001.09.06"]
[Round "?"]
[White "Hossa"]
[Black "ruud"]
[Result "1-0"]
[WhiteElo "2533"]
[BlackElo "2358"]
[PlyCount "93"]
[EventDate "2001.??.??"]

1. e4 Nc6 2. d4 e5 3. dxe5 Nxe5 4. Nf3 Bb4+ 5. Bd2 Bxd2+ 6. Nbxd2 Qf6 7. Bc4
Nxc4 8. Nxc4 d6 9. e5 dxe5 10. Qd5 Ne7 11. Qxe5 Qxe5+ 12. Ncxe5 f6 13. Nd3 Kf7
14. Kd2 b6 15. Rhd1 g5 16. Nd4 a6 17. c4 c5 18. Nc2 Bb7 19. Ne3 Rad8 20. Kc3 f5
21. h4 h6 22. f3 Kf6 23. Rh1 Ng6 24. hxg5+ hxg5 25. Rxh8 Nxh8 26. b4 cxb4+ 27.
Nxb4 Rd6 28. Nbd5+ Bxd5 29. Nxd5+ Kf7 30. Rh1 Kg7 31. a4 b5 32. Ne3 Rf6 33.
axb5 axb5 34. cxb5 Nf7 35. Nd5 Rd6 36. Kd4 g4 37. fxg4 fxg4 38. b6 Nd8 39. Rf1
Rc6 40. Rf5 Ne6+ 41. Ke5 Nc5 42. Rg5+ Kf7 43. Kf5 Ne6 44. b7 Nxg5 45. b8=Q Ne6
46. Qb7+ Ke8 47. Qe7# {ruud checkmated} 1-0

[Event "ICS rated blitz match"]
[Site "204.178.125.65"]
[Date "2001.09.06"]
[Round "?"]
[White "nyul"]
[Black "Hossa"]
[Result "0-1"]
[WhiteElo "2163"]
[BlackElo "2540"]
[PlyCount "76"]
[EventDate "2001.??.??"]

1. e4 e5 2. Nf3 Nc6 3. Bc4 Nf6 4. d3 h6 5. Nc3 d6 6. O-O Na5 7. Bb3 Nxb3 8.
axb3 Be7 9. h3 Be6 10. Nh2 O-O 11. f4 exf4 12. Bxf4 d5 13. exd5 Nxd5 14. Nxd5
Qxd5 15. Qf3 Bf6 16. Qxd5 Bxd5 17. c4 Bc6 18. Bxc7 Bxb2 19. Rab1 Bd4+ 20. Kh1
Rfc8 21. Bg3 Re8 22. Bf2 Rad8 23. Bxd4 Rxd4 24. Rbd1 Re3 25. Nf3 Rdxd3 26. Rxd3
Rxd3 27. Ne5 Rxh3+ 28. Kg1 Rxb3 29. Nxc6 bxc6 30. Ra1 Rb7 31. Kf2 Kf8 32. Ke3
Ke7 33. Kd4 Kd6 34. c5+ Ke6 35. Re1+ Kf5 36. Rf1+ Kg4 37. Ra1 Rd7+ 38. Ke5 Kg3
{nyul resigns} 0-1

[Event "ICS rated blitz match"]
[Site "204.178.125.65"]
[Date "2001.09.06"]
[Round "?"]
[White "nyul"]
[Black "Hossa"]
[Result "0-1"]
[WhiteElo "2157"]
[BlackElo "2546"]
[PlyCount "40"]
[EventDate "2001.??.??"]

1. e4 e5 2. Nf3 Nc6 3. Bc4 Nf6 4. Nc3 Nxe4 5. Nxe4 d5 6. Bd3 dxe4 7. Bxe4 Nb4
8. c3 Nd3+ 9. Bxd3 Qxd3 10. Nxe5 Qe4+ 11. Qe2 Qxg2 12. Nf3+ Kd8 13. Rg1 Qh3 14.
Rg3 Qe6 15. d4 Qxe2+ 16. Kxe2 f6 17. Bf4 g5 18. Bd2 Bd6 19. Rgg1 g4 20. Ne1
Bxh2 {nyul resigns} 0-1

[Event "ICS rated blitz match"]
[Site "204.178.125.65"]
[Date "2001.09.06"]
[Round "?"]
[White "options"]
[Black "Hossa"]
[Result "0-1"]
[WhiteElo "2447"]
[BlackElo "2568"]
[PlyCount "48"]
[EventDate "2001.??.??"]

1. e4 e5 2. Nc3 Nc6 3. g3 Bc5 4. Bg2 Nf6 5. Nge2 h5 6. h3 h4 7. g4 d6 8. Bf3
Be6 9. d3 Qd7 10. Be3 Nd4 11. Bg2 O-O-O 12. Qd2 Kb8 13. O-O-O Nxe2+ 14. Qxe2
Bb4 15. Qd2 Bxa2 16. f4 a6 17. f5 d5 18. exd5 Bxd5 19. g5 Bxc3 20. bxc3 Bxg2
21. Qxg2 Nd5 22. Bd2 Qxf5 23. c4 Nf4 24. Bxf4 Qxf4+ {options resigns} 0-1

[Event "ICS rated blitz match"]
[Site "204.178.125.65"]
[Date "2001.09.06"]
[Round "?"]
[White "Hossa"]
[Black "Amateur"]
[Result "1-0"]
[WhiteElo "2579"]
[BlackElo "2496"]
[PlyCount "145"]
[EventDate "2001.??.??"]

1. e4 e5 2. Nf3 Nc6 3. Bb5 a6 4. Bxc6 dxc6 5. O-O f6 6. d4 exd4 7. Qxd4 Qxd4 8.
Nxd4 Bd6 9. Rd1 Ne7 10. Nc3 O-O 11. Be3 Rd8 12. f3 Ng6 13. Nde2 Ne5 14. b3 Be6
15. Nf4 Bf7 16. a3 b5 17. a4 b4 18. Na2 c5 19. Rd2 c4 20. Nc1 Nc6 21. Nd5 Be5
22. Rb1 Bxd5 23. Rxd5 Nd4 24. Bxd4 Bxd4+ 25. Kf1 cxb3 26. Nxb3 Bb6 27. Rbd1 c6
28. Rd7 a5 29. Ke2 Rxd7 30. Rxd7 Bg1 31. h4 h5 32. Kd3 Kf8 33. Nd4 Bxd4 34.
Kxd4 Kg8 35. Kc5 Ra6 36. Rc7 Ra8 37. Kb6 Kh7 38. Rxc6 Kh6 39. Rc5 Kg6 40. Rxa5
b3 41. cxb3 Rb8+ 42. Ka7 Rxb3 43. Rb5 Rd3 44. a5 Rd7+ 45. Rb7 Rd2 46. a6 Rxg2
47. Kb8 Rd2 48. a7 Kh6 49. f4 Rd8+ 50. Kc7 Ra8 51. e5 fxe5 52. fxe5 g5 53.
hxg5+ Kxg5 54. e6 h4 55. Kb6 h3 56. Rh7 Re8 57. Rxh3 Rxe6+ 58. Kc5 Ra6 59. Rh7
Kf5 60. Kb5 Ra3 61. Rc7 Ra1 62. Rc5+ Kf6 63. Kb6 Rxa7 64. Kxa7 Ke6 65. Kb7 Kf6
66. Kc7 Ke6 67. Rb5 Kf6 68. Kd7 Kf7 69. Rb6 Kg7 70. Ke7 Kg8 71. Kf6 Kh8 72. Kg6
Kg8 73. Rb8# {Amateur checkmated} 1-0

[Event "ICS rated blitz match"]
[Site "204.178.125.65"]
[Date "2001.09.06"]
[Round "?"]
[White "Amateur"]
[Black "Hossa"]
[Result "1-0"]
[WhiteElo "2484"]
[BlackElo "2591"]
[PlyCount "141"]
[EventDate "2001.??.??"]

1. Nf3 b6 2. e3 Bb7 3. Nc3 Nf6 4. Bc4 e6 5. O-O d5 6. Be2 c6 7. d3 Bd6 8. e4
Nbd7 9. exd5 exd5 10. d4 O-O 11. Qd3 Re8 12. Bg5 Qc7 13. Qf5 Bc8 14. Qd3 Ne4
15. Bh4 Ndf6 16. Bxf6 Nxf6 17. Rae1 Ne4 18. Nb1 a6 19. h3 Bf4 20. Qb3 a5 21. c4
dxc4 22. Bxc4 Bf5 23. Bd3 Re6 24. Qc2 Rae8 25. Nc3 Ng5 26. Rxe6 Nxf3+ 27. gxf3
Bxe6 28. Bxh7+ Kf8 29. Bf5 Qd7 30. Bg4 Qxd4 31. Re1 Qf6 32. Na4 Bxa2 33. Rxe8+
Kxe8 34. b3 Bxb3 35. Qxb3 b5 36. Nc5 Ke7 37. Qd1 Qd6 38. Qe2+ Qe5 39. Qxe5+
Bxe5 40. f4 Bd4 41. Na6 a4 42. Nb4 c5 43. Nc6+ Kd6 44. Nxd4 cxd4 45. Bd1 d3 46.
Kf1 Kd5 47. Ke1 Kc4 48. Kd2 a3 49. Kc1 b4 50. f5 b3 51. f6 gxf6 52. Kb1 d2 53.
h4 Kc3 54. h5 Kc4 55. h6 b2 56. h7 f5 57. h8=Q f4 58. Qa8 f5 59. Qxa3 Kd5 60.
Qxb2 Ke6 61. Qxd2 Ke5 62. Bc2 f3 63. Qd3 f4 64. Qxf3 Ke6 65. Qxf4 Ke7 66. Qe5+
Kd8 67. Ba4 Kc8 68. Bc6 Kd8 69. Qg7 Kc8 70. f4 Kd8 71. Qd7# {Hossa checkmated}
1-0

[Event "ICS rated blitz match"]
[Site "204.178.125.65"]
[Date "2001.09.06"]
[Round "?"]
[White "Hossa"]
[Black "LinuxKnight"]
[Result "0-1"]
[WhiteElo "2570"]
[BlackElo "2831"]
[PlyCount "58"]
[EventDate "2001.??.??"]

1. e4 d5 2. exd5 Qxd5 3. Nc3 Qe6+ 4. Be2 Qg6 5. Bf3 Nf6 6. d3 e5 7. Nb5 Bd6 8.
Be3 Nc6 9. Bc5 O-O 10. Nxd6 cxd6 11. Bxd6 Rd8 12. Bc7 Rd5 13. Ne2 Bg4 14. Bxd5
Nxd5 15. f3 Bd7 16. Bxe5 Nxe5 17. Kf2 Qg5 18. Qc1 Qh4+ 19. Kg1 Rc8 20. Qe1 Qg5
21. Qf2 Rxc2 22. f4 Qh5 23. fxe5 Rxe2 24. Qxa7 Rxg2+ 25. Kxg2 Nf4+ 26. Kg3 Qg4+
27. Kf2 Qe2+ 28. Kg3 Nh5+ 29. Kh4 Qg4# {Hossa checkmated} 0-1

[Event "ICS rated blitz match"]
[Site "204.178.125.65"]
[Date "2001.09.06"]
[Round "?"]
[White "LinuxKnight"]
[Black "Hossa"]
[Result "1-0"]
[WhiteElo "2837"]
[BlackElo "2564"]
[PlyCount "104"]
[EventDate "2001.??.??"]

1. e4 e5 2. f4 exf4 3. Nf3 d5 4. exd5 Nf6 5. Bb5+ Bd7 6. Bxd7+ Nbxd7 7. O-O
Nxd5 8. Re1+ Be7 9. c4 N5b6 10. Qe2 c5 11. Qe4 Nc8 12. Qxb7 Rb8 13. Qe4 O-O 14.
Qxf4 Bd6 15. Qe4 Ncb6 16. d3 Re8 17. Qxe8+ Qxe8 18. Rxe8+ Rxe8 19. Nbd2 h6 20.
a4 g5 21. a5 Nc8 22. Ne4 Kg7 23. Bd2 f5 24. Nxd6 Nxd6 25. Re1 Rd8 26. Bc3+ Kf8
27. Re6 Nf7 28. d4 Rb8 29. d5 Rd8 30. Kf2 Rb8 31. h4 Rb3 32. h5 Rb8 33. Ke3 Rb3
34. Nd2 Rb8 35. g3 Ra8 36. b4 cxb4 37. Bxb4+ Kg8 38. c5 Nfe5 39. c6 Ng4+ 40.
Kd4 Ndf6 41. d6 Nxh5 42. d7 Ngf6 43. Re7 Nxg3 44. c7 Nxd7 45. Rxd7 Re8 46. Rd8
Ne2+ 47. Kc4 Rxd8 48. cxd8=Q+ Kg7 49. Nf3 Nf4 50. Qe7+ Kg8 51. Qf8+ Kh7 52.
Qf7+ Kh8 {Hossa resigns} 1-0